Los partidos políticos en la democracia pluralista: algunas aspectos de su organización, sus objetivos y funciones /
La democracia pluralista aspira a concretar un gobierno con capacidad suficiente para el ejercicio del poder, en este caso se expone este tema aunado a la organización tripartita de los partidos, discusión en torno al partido como organización de los puestos públicos o como organización de la volunt...
Guardat en:
| Autor principal: | |
|---|---|
| Altres autors: | |
| Format: | Text |
| Publicat: |
Buenos Aires:
CIEDLA
|
| Matèries: | |
| Etiquetes: |
Afegir etiqueta
Sense etiquetes, Sigues el primer a etiquetar aquest registre!
|
MARC
| LEADER | 00000 a a2200000 04500 | ||
|---|---|---|---|
| 001 | 35748 | ||
| 003 | |||
| 040 | |||
| 020 | |a 950-9431-05-2 | ||
| 090 | |a 0002 C397p | ||
| 100 | |a Albert, Hans | ||
| 245 | |a Los partidos políticos en la democracia pluralista: algunas aspectos de su organización, sus objetivos y funciones / |c Hans Albert | ||
| 260 | |a Buenos Aires: |b CIEDLA | ||
| 300 | |a 114 p. | ||
| 520 | |a La democracia pluralista aspira a concretar un gobierno con capacidad suficiente para el ejercicio del poder, en este caso se expone este tema aunado a la organización tripartita de los partidos, discusión en torno al partido como organización de los puestos públicos o como organización de la voluntad popular. Asimismo se incluye la discusión en torno al partido como organización electoral o programática y los supuestos normativos de la participación y de la racionalidad de la organización partidaria | ||
| 650 | |a PARTIDOS POLITICOS | ||
| 650 | |a TERORIA POLITICA | ||
| 700 | |a Oberreuter, Heinrich |a Lipset, Seymour M. |a Langguth, Gerd |a Falke, Wolfgang |a Simon, Werner |a Haungs, Peter | ||
| 999 | |c 6577 |d 6577 | ||



